| 000 | 00000nam 2200000za 4500 |
| 001 | 9.567063 |
| 003 | CaOODSP |
| 005 | 20241104114215 |
| 007 | cr ||||||||||| |
| 008 | 150406s2010 oncbdo o f000 0 eng d |
| 020 | |a9781100151298 |
| 040 | |aCaOODSP|beng |
| 043 | |an-cn--- |
| 086 | 1 |aCW69-14/96-2010E-PDF |
| 110 | 2 |aCanadian Wildlife Service. |
| 245 | 10|aCOSEWIC assessment and status report on the Rigid apple moss, Bartramia stricta, in Canada |h[electronic resource]. |
| 250 | |a[Endangered 2009 edition]. |
| 260 | |aOttawa - Ontario : |bEnvironment Canada, |c2009. |
| 300 | |a39 p.|bfigs., graphs, maps, tables, photographs |
| 500 | |aIssued also in French under title: Évaluation et rapport de situation du COSEPAC sur la Bartramie à feuilles dressées, Bartramia stricta, au Canada. |
| 504 | |aBibliography. |
| 590 | |a11-07|b2011-02-18 |
| 775 | 08|tÉvaluation et rapport de situation du COSEPAC sur la Bartramie à feuilles dressées, Bartramia stricta, au Canada |w(CaOODSP)9.598430 |
| 794 | |tCOSEWIC assessment and status report on the rigid apple moss, Bartramia aprica, in Canada.|b[Threatened 2023 edition]|w(CaOODSP)9.938348 |
| 856 | 40|qPDF|s3857 KB|uhttps://publications.gc.ca/collections/collection_2011/ec/CW69-14-96-2010-eng.pdf |